00743nam a2200205Ia 4500003000900000008004100009020001800050040001600068080001700084100002500101245010700126260003400233300001500267490003500282650002200317650003700339942000700376999001700383952013700400IN-BaIIA211028s9999 xx 000 0 eng d a0-19-851479-4 cIIA Library a524.882bDEA aD'eath, P. D.920974 0aBlack holesbgravitational interactionscP. D. D'eath  aOxfordbClarendon Pressc1996 axii, 286p. aOxford mathematical monographs aBlackholes921168 aGravitational interactions99439 cBK c12136d12136 00104070aBANbBANcGENd1997-07-08g2646.00l0o524.882/ DEAp13052r2021-11-05v2646.00w1997-07-08yBKGRs. 2646.00